The Forgotten Girls An American Story (Record no. 3721)

MARC details
000 -LEADER
fixed length control field 00407nam a22001457a 4500
008 - FIXED-LENGTH DATA ELEMENTS--GENERAL INFORMATION
fixed length control field 250529b |||||||| |||| 00| 0 eng d
020 ## - INTERNATIONAL STANDARD BOOK NUMBER
ISBN 9780241320525
100 ## - MAIN ENTRY--AUTHOR
Author Potts Monica
245 ## - TITLE STATEMENT
Title The Forgotten Girls An American Story
260 ## - PUBLICATION, DISTRIBUTION, ETC. (IMPRINT)
Place of publication U.K, London
Name of publisher Allen Lane
Date of publication 2023
300 ## - COLLATION
Pagination 254p.
650 ## - TRACINGS
Main Subject Potts Monica
Subdivision (1st) Potts Monica - Friends & Associates
942 ## - ADDED ENTRY ELEMENTS (KOHA)
Item type Books
050 ## - LIBRARY OF CONGRESS CALL NUMBER
Classification number PN4874
Item number .P68 2023
Holdings
Source of classification or shelving scheme Not for loan Permanent location Current location Date acquired Accession No. Full call number Barcode. Koha item type
Library of Congress Classification   Samuel Ogbemudia Main Library, University of Abuja Samuel Ogbemudia Main Library, University of Abuja 05/29/2025 2024/63699 PN4874.P68 2023 2025-2281 Books